000 00585nam a2200229Ia 4500
003 OSt
005 20221007070900.0
006 a|||||r|||| 00| 0
007 ta
008 221006b |||||||| |||| 00| 0 eng d
024 _a25,698
037 _cTextual
040 _aFLL
_cFLL
_beng
041 _2eng
_aeng
082 _aZ:5, K5
100 _aHart H.L.A.
245 0 _aMorality of the criminal law
260 _aJerusalem
_bAt the Magnes Press Jerusalem
_c1965
300 _a1-54p
_ccm.
942 _hZ:5, K5
_cTEXL
_2CC
999 _c1141794
_d1141794